Handbook of Drug Monitoring Methods Therapeutics and Drugs of Abuse /

In Handbook of Drug Monitoring Methods: Therapeutics and Drug Abuse, authors discuss the different analytical techniques used in today’s practice of therapeutic drug monitoring and drugs of abuse as well as alcohol testing with relevant theory, mechanism, and in-depth scientific discussion on each t...

Πλήρης περιγραφή

Λεπτομέρειες βιβλιογραφικής εγγραφής
Συγγραφή απο Οργανισμό/Αρχή: SpringerLink (Online service)
Άλλοι συγγραφείς: Dasgupta, Amitava (Επιμελητής έκδοσης)
Μορφή: Ηλεκτρονική πηγή Ηλ. βιβλίο
Γλώσσα:English
Έκδοση: Totowa, NJ : Humana Press, 2008.
Θέματα:
Διαθέσιμο Online:Full Text via HEAL-Link
LEADER 03963nam a22004335i 4500
001 978-1-59745-031-7
003 DE-He213
005 20151204173551.0
007 cr nn 008mamaa
008 100301s2008 xxu| s |||| 0|eng d
020 |a 9781597450317  |9 978-1-59745-031-7 
024 7 |a 10.1007/978-1-59745-031-7  |2 doi 
040 |d GrThAP 
050 4 |a RA1001-1171 
072 7 |a MMQ  |2 bicssc 
072 7 |a MED030000  |2 bisacsh 
082 0 4 |a 614.1  |2 23 
245 1 0 |a Handbook of Drug Monitoring Methods  |h [electronic resource] :  |b Therapeutics and Drugs of Abuse /  |c edited by Amitava Dasgupta. 
264 1 |a Totowa, NJ :  |b Humana Press,  |c 2008. 
300 |a X, 446 p. 44 illus.  |b online resource. 
336 |a text  |b txt  |2 rdacontent 
337 |a computer  |b c  |2 rdamedia 
338 |a online resource  |b cr  |2 rdacarrier 
347 |a text file  |b PDF  |2 rda 
505 0 |a to Therapeutic Drug Monitoring -- Monitoring Free Drug Concentration -- Analytical Techniques for Measuring Concentrations of Therapeutic Drugs in Biological Fluids -- The Pre-Analytical Phase of Drug Testing -- Effect of Hemolysis, High Bilirubin, Lipemia, Paraproteins, and System Factors on Therapeutic Drug Monitoring -- Digoxin -- Interferences with Measurement of Anticonvulsants -- Pitfalls in Measuring Antidepressant Drugs -- Immunosuppressive Drugs -- Therapeutic Drug Monitoring in Human Immunodeficiency Virus/Acquired Immunodeficiency Syndrome -- Pharmacogenomics and Personalized Medicine -- Interference of Heterophilic and Other Antibodies in Measurement of Therapeutic Drugs by Immunoassays -- Drug–Herb and Drug–Food Interactions -- Toxic Element Testing with Clinical Specimens -- Alcohol Testing -- to Drugs of Abuse Testing -- Urinary Adulterants and Drugs of Abuse Testing -- Hair, Oral Fluid, Sweat, and Meconium Testing for Drugs of Abuse -- Abused and Designer Drugs and How They Escape Detection -- Interpretation of Amphetamines Screening and Confirmation Testing -- Clinical False-Positive Drug Test Results -- Providing Expert Witness for Alcohol and Positive Drugs of Abuse Test Results. 
520 |a In Handbook of Drug Monitoring Methods: Therapeutics and Drug Abuse, authors discuss the different analytical techniques used in today’s practice of therapeutic drug monitoring and drugs of abuse as well as alcohol testing with relevant theory, mechanism, and in-depth scientific discussion on each topic. This volume is the perfect handbook and quick reference for any clinical laboratory, allowing clinicians to find the potential source of a false-positive or a false-negative result in the daily operation of a toxicology laboratory. At the same time, this book can also be used as a reference for medical technologists, supervisors, laboratory directors, clinical chemists, toxicologists, and pathologists to find in-depth cause of a potential interference and what tests can be ordered to circumvent such problem. The volume’s first half focuses on various issues of therapeutic drug monitoring. Additional chapters cover analysis of heavy metals, alcohol testing, and issues of drugs of abuse testing. These chapters are written by experts in their relative sub-specialties and also by the editor. Comprehensive and timely, Handbook of Drug Monitoring Methods: Therapeutics and Drug Abuse is the ideal text for clinicians and researchers monitoring alcohol and drug testing and other important tasks of toxicological laboratory services. 
650 0 |a Medicine. 
650 0 |a Pharmacology. 
650 0 |a Forensic medicine. 
650 1 4 |a Medicine & Public Health. 
650 2 4 |a Forensic Medicine. 
650 2 4 |a Pharmacology/Toxicology. 
700 1 |a Dasgupta, Amitava.  |e editor. 
710 2 |a SpringerLink (Online service) 
773 0 |t Springer eBooks 
776 0 8 |i Printed edition:  |z 9781588297808 
856 4 0 |u http://dx.doi.org/10.1007/978-1-59745-031-7  |z Full Text via HEAL-Link 
912 |a ZDB-2-SME 
950 |a Medicine (Springer-11650)